[Event "Piestany op-B"]
[Site "Piestany"]
[Date "2023.07.15"]
[Round "5"]
[White "Sosovickova, Martina"]
[Black "Rucabado, Stefan"]
[Result "1/2-1/2"]
[WhiteElo "1730"]
[BlackElo "1894"]
[PlyCount "82"]
[EventDate "2023.07.11"]
[EventType "swiss"]
[EventRounds "9"]
[EventCountry "SVK"]
[SourceTitle "EXT 2024"]
[Source "ChessBase"]
[SourceDate "2023.10.10"]
[SourceVersion "1"]
[SourceVersionDate "2023.10.10"]
[SourceQuality "1"]

1. e4 g6 2. d4 Bg7 3. Nc3 c6 4. f4 d5 5. e5 h5 6. Nf3 Nh6 7. Be3 Bg4 8. h3 Bxf3 9. Qxf3 Nf5 10. 0-0-0 Nxe3 11. Qxe3 e6 12. Bd3 h4 13. Kb1 Nd7 14. Rdg1 Bf8 15. g4 hxg3 16. Qxg3 Qe7 17. h4 0-0-0 18. Be2 Qb4 19. Rd1 c5 20. a3 Qa5 21. dxc5 Nxc5 22. h5 d4 23. Na2 gxh5 24. Bxh5 Rh7 25. Nc1 Qb6 26. Nb3 d3 27. Nxc5 dxc2+ 28. Kxc2 Qxc5+ 29. Kb1 Rxd1+ 30. Rxd1 Kb8 31. Rc1 Qe7 32. Qc3 Qd7 33. Be2 Be7 34. Bb5 Qd8 35. Qc2 Rh8 36. Rd1 Qb6 37. Qb3 a6 38. Ba4 Qxb3 39. Bxb3 Rd8 40. Rxd8+ Bxd8 41. Kc2 Kc7 1/2-1/2

[Event "Prague Golden op"]
[Site "Prague"]
[Date "2022.07.17"]
[Round "9"]
[White "Svoboda, Daniel"]
[Black "Rucabado, Stefan"]
[Result "1/2-1/2"]
[WhiteElo "1679"]
[BlackElo "1809"]
[PlyCount "38"]
[EventDate "2022.07.09"]
[EventType "swiss"]
[EventRounds "9"]
[EventCountry "CZE"]
[SourceTitle "CBM 209 Extra"]
[Source "ChessBase"]
[SourceDate "2022.09.30"]
[SourceVersion "1"]
[SourceVersionDate "2022.09.30"]
[SourceQuality "1"]

1. e4 c5 2. c3 d5 3. exd5 Qxd5 4. d4 Nf6 5. Nf3 Nc6 6. Be2 e6 7. 0-0 cxd4 8. cxd4 Be7 9. Nc3 Qd8 10. h3 0-0 11. Be3 Nb4 12. a3 Nbd5 13. Nxd5 Nxd5 14. Qb3 b6 15. Ne5 Bb7 16. Rac1 Qd6 17. Nc4 Qd7 18. Ne5 Qd6 19. Nc4 Qd7 1/2-1/2

[Event "Prague Golden op"]
[Site "Prague"]
[Date "2022.07.14"]
[Round "6"]
[White "Rucabado, Stefan"]
[Black "Zacek, Petr1111"]
[Result "1-0"]
[WhiteElo "1809"]
[BlackElo "1393"]
[PlyCount "71"]
[EventDate "2022.07.09"]
[EventType "swiss"]
[EventRounds "9"]
[EventCountry "CZE"]
[SourceTitle "CBM 209 Extra"]
[Source "ChessBase"]
[SourceDate "2022.09.30"]
[SourceVersion "1"]
[SourceVersionDate "2022.09.30"]
[SourceQuality "1"]

1. e4 c5 2. Nf3 d6 3. d4 cxd4 4. Nxd4 Nf6 5. Nc3 a6 6. Bg5 e6 7. f4 Be7 8. Qf3 Qc7 9. 0-0-0 0-0 10. g4 Nc6 11. Nde2 b5 12. a3 Bb7 13. Bxf6 Bxf6 14. g5 Be7 15. f5 Bxg5+ 16. Kb1 Ne5 17. Qh5 Qe7 18. Rg1 f6 19. fxe6 Qxe6 20. Nd4 Qf7 21. Qe2 Rad8 22. h4 Bh6 23. Nf5 Kh8 24. Nxd6 Qc7 25. Nxb7 Rxd1+ 26. Qxd1 Qxb7 27. Nd5 Rd8 28. Qh5 Qf7 29. Qf5 Nc4 30. Bxc4 bxc4 31. Qf1 Rc8 32. Qh3 Rc6 33. Qg3 Re6 34. Re1 Qg6 35. Qc7 Rxe4 36. Qd8+ 1-0

[Event "Ceske Budejovice op-A"]
[Site "Ceske Budejovice"]
[Date "2022.07.05"]
[Round "5"]
[White "Nejdl, Eduard"]
[Black "Rucabado, Stefan"]
[Result "1/2-1/2"]
[WhiteElo "1951"]
[BlackElo "1809"]
[PlyCount "61"]
[EventDate "2022.07.01"]
[EventType "swiss"]
[EventRounds "9"]
[EventCountry "CZE"]
[SourceTitle "CBM 209 Extra"]
[Source "ChessBase"]
[SourceDate "2022.09.30"]
[SourceVersion "1"]
[SourceVersionDate "2022.09.30"]
[SourceQuality "1"]

1. e4 c5 2. Nf3 d6 3. Bb5+ Nd7 4. 0-0 Ngf6 5. Re1 a6 6. Bf1 e5 7. c3 Be7 8. d4 0-0 9. a4 Rb8 10. a5 Re8 11. Nbd2 Bf8 12. Bc4 cxd4 13. Qb3 d5 14. exd5 Nc5 15. Qa2 Bd6 16. b4 Ncd7 17. cxd4 exd4 18. Rxe8+ Qxe8 19. Ba3 b5 20. Bd3 Bb7 21. Qb2 Ne5 22. Re1 Nxf3+ 23. Nxf3 Qf8 24. Qxd4 Bxd5 25. Bb2 Rd8 26. Qh4 h6 27. Bxf6 gxf6 28. Qxf6 Bxf3 29. Qxf3 Qg7 30. Qe4 Bxb4 31. Qxb4 1/2-1/2